000
00293cam a22001097a 4500
008
180718b2008 xxu||||| |||| 00| 0 eng d
082
_a
BA27x54 B489
100
_a
Ambedker, B.R.
245
_a
Suddron kee khouj
_c
by B.R. Ambedker
260
_a
Nagpur
_b
Prograsive Publisher
_c
2008
300
_a
86p.
999
_c
438939
_d
438939